Dyslexia : (Record no. 868)

MARC details
000 -LEADER
fixed length control field 00789nam a2200253 i 4500
005 - DATE AND TIME OF LATEST TRANSACTION
control field 20260322212037.0
008 - FIXED-LENGTH DATA ELEMENTS--GENERAL INFORMATION
fixed length control field data
010 ## - LIBRARY OF CONGRESS CONTROL NUMBER
LC control number 79014996
020 ## - INTERNATIONAL STANDARD BOOK NUMBER
International Standard Book Number 0262220210
020 ## - INTERNATIONAL STANDARD BOOK NUMBER
International Standard Book Number 9780262220217
050 0# - LIBRARY OF CONGRESS CALL NUMBER
Classification number RC394.W6
Item number V44
060 ## - NATIONAL LIBRARY OF MEDICINE CALL NUMBER
Classification number WM475.3 V442d
096 ## - LOCALLY ASSIGNED NLM-TYPE CALL NUMBER (OCLC)
Classification number WM 475 V442d 1979
001 - CONTROL NUMBER
control field data
100 1# - MAIN ENTRY--PERSONAL NAME
Personal name Vellutino, Frank R.
245 10 - TITLE STATEMENT
Title Dyslexia :
Remainder of title theory and research /
Statement of responsibility, etc. Frank R. Vellutino.
260 0# - PUBLICATION, DISTRIBUTION, ETC.
Place of publication, distribution, etc. Cambridge, Mass. :
Name of publisher, distributor, etc. MIT Press,
Date of publication, distribution, etc. c1979.
300 ## - PHYSICAL DESCRIPTION
Extent xv, 427 p. :
Other physical details ill. ;
Dimensions 24 cm.
500 ## - GENERAL NOTE
General note Includes index.
504 ## - BIBLIOGRAPHY, ETC. NOTE
Bibliography, etc. note Bibliography: p. [374]-409.
650 #0 - SUBJECT ADDED ENTRY--TOPICAL TERM
Topical term or geographic name entry element Dyslexia.
650 #2 - SUBJECT ADDED ENTRY--TOPICAL TERM
Topical term or geographic name entry element Dyslexia.
856 40 - ELECTRONIC LOCATION AND ACCESS
Uniform Resource Identifier <a href="https://openlibrary.org/works/OL6562072W/Dyslexia?edition=dyslexiatheoryre0000vell">https://openlibrary.org/works/OL6562072W/Dyslexia?edition=dyslexiatheoryre0000vell</a>
Link text Online access from the Open Library.
Public note Requires free sign up.
Holdings
Withdrawn status Lost status Damaged status Not for loan Home library Current library Shelving location Date acquired Total checkouts Full call number Barcode Date last seen Price effective from Koha item type
        Riverside Riverside General stacks 22/03/2026   RC394.W6 V44 BC0010893 22/03/2026 22/03/2026 Books